000 00191nam a22000857a 4500
008 161124b xxu||||| |||| 00| 0 eng d
100 _91409
_aCBSE
245 _aEntre Jeunes-X
260 _aCBSE
_c2010
999 _c4125
_d4125